[Event "Sunway Sitges Open 2019"]
[Site "Sitges ESP"]
[Date "2019.12.18"]
[Round "6.1"]
[White "Korobov, Anton"]
[Black "Narayanan, S.L."]
[Result "1-0"]
[WhiteTitle "GM"]
[BlackTitle "GM"]
[WhiteElo "2668"]
[BlackElo "2626"]
[WhiteFideId "14105730"]
[BlackFideId "5058422"]
[EventDate "2019.12.13"]

1. c4 e5 2. d3 Nf6 3. Nf3 Nc6 4. a3 d5 5. cxd5 Nxd5 6. e4 Nf6 7. Be2 a5 8. O-O
Bg4 9. Be3 Bxf3 10. Bxf3 Nd4 11. Nd2 Be7 12. Rc1 c6 13. Nc4 Nxf3+ 14. gxf3 Qb8
15. d4 exd4 16. Qxd4 O-O 17. Rfd1 Ra6 18. Qc3 a4 19. Nb6 Bd8 20. Nd7 Nxd7 21.
Rxd7 Bb6 22. Rcd1 Bxe3 23. fxe3 Rb6 24. R1d6 Rb5 25. Qd4 Rg5+ 26. Kf2 Rg6 27. e5
Re6 28. f4 Rxd6 29. Qxd6 b5 30. f5 Re8 31. Kf3 h6 32. e6 fxe6 33. f6 gxf6 34.
Qd3 f5 35. Qc3 e5 36. Qxc6 Qa8 37. Rb7 1-0

[Event "Sunway Sitges Open 2019"]
[Site "Sitges ESP"]
[Date "2019.12.18"]
[Round "6.5"]
[White "Sasikiran, Krishnan"]
[Black "Peralta, Fernando"]
[Result "1/2-1/2"]
[WhiteTitle "GM"]
[BlackTitle "GM"]
[WhiteElo "2656"]
[BlackElo "2577"]
[WhiteFideId "5004985"]
[BlackFideId "105309"]
[EventDate "2019.12.13"]

1. e4 e6 2. d4 d5 3. Nc3 Nf6 4. e5 Nfd7 5. f4 c5 6. Nf3 Nc6 7. Be3 cxd4 8. Nxd4
Bc5 9. Qd2 a6 10. Nce2 Qe7 11. c3 f6 12. Nxc6 bxc6 13. Nd4 fxe5 14. Nxc6 Bxe3
15. Qxe3 exf4 16. Qxf4 Qc5 17. Nb4 e5 18. Qd2 Nf6 19. O-O-O Bb7 20. Qg5 Qc7 21.
Re1 e4 22. Qg3 Qe7 23. Nc2 O-O 24. Be2 Bc8 25. Rhf1 Bd7 26. h4 a5 27. Rf4 Rab8
28. Ref1 Rb6 29. R4f2 Rc8 30. Rf4 Ba4 31. Nd4 Bd7 32. Nc2 Ba4 33. Nd4 Bd7 1/2-1/2

[Event "Sunway Sitges Open 2019"]
[Site "Sitges ESP"]
[Date "2019.12.18"]
[Round "6.6"]
[White "Wagner, Dennis"]
[Black "Lagarde, Maxime"]
[Result "1-0"]
[WhiteTitle "GM"]
[BlackTitle "GM"]
[WhiteElo "2578"]
[BlackElo "2655"]
[WhiteFideId "24650684"]
[BlackFideId "662399"]
[EventDate "2019.12.13"]

1. Nf3 c5 2. c4 Nc6 3. Nc3 e5 4. e3 Nf6 5. d4 e4 6. d5 exf3 7. dxc6 bxc6 8. e4
Qc7 9. Qxf3 Bd6 10. Bd2 Be5 11. h3 Rb8 12. b3 h5 13. Bd3 h4 14. O-O-O Nh5 15.
Na4 Nf4 16. Nxc5 Qd6 17. Be3 Ne6 18. Bc2 Nd4 19. Rxd4 Qxc5 20. Rhd1 a5 21. Kb1
Qe7 22. Bf4 a4 23. Bxe5 Qxe5 24. Qf5 Qe7 25. Rd6 axb3 26. axb3 Ra8 27. e5 Rh6
28. Rxh6 gxh6 29. Rd6 Qg5 30. Qxg5 hxg5 31. Rh6 Ke7 32. Rh5 f6 33. exf6+ Kxf6
34. f4 gxf4 35. Rf5+ Ke7 36. Rxf4 d5 37. cxd5 cxd5 38. Rxh4 Be6 39. Kb2 Rf8 40.
Rh7+ Kd6 41. Rg7 Rf2 42. Kc1 d4 43. h4 Rf1+ 44. Kd2 Rh1 45. Rg6 Ke5 46. Rg5+ Kf6
47. Rh5 Rg1 48. Be4 Bxb3 49. Bf3 Bc4 50. Rc5 Bf1 51. Rc1 Rh1 52. Rc6+ Ke5 53. h5
Rh2 54. Rg6 Kf5 55. Bg4+ Ke5 56. Bh3 Bxg2 57. Bxg2 Rxh5 58. Kd3 Rh2 59. Rg5+ Kf4
60. Rg8 Ke5 61. Re8+ Kd6 62. Be4 Kd7 63. Ra8 Ke7 64. Ra6 Rb2 65. Kxd4 Rd2+ 66.
Ke5 Rd7 67. Rh6 Kd8 68. Bc6 Re7+ 69. Kd6 Rd7+ 70. Kc5 Rg7 71. Re6 Re7 72. Rd6+
Kc7 73. Rd2 Rg7 74. Be4 Rd7 75. Ra2 Kd8 76. Bc6 Rg7 77. Re2 Kc7 78. Re6 Rg5+ 79.
Bd5 Rg7 80. Ra6 Rd7 81. Be6 Re7 82. Kd5 Kd8 83. Ra8+ Kc7 84. Ke5 Kc6 85. Ra1 Kc5
86. Rc1+ Kb4 87. Kd6 Rh7 88. Rc4+ Kb5 89. Rg4 Rh6 90. Rf4 Ka5 91. Rg4 Kb5 92.
Re4 Ka5 93. Kc5 Rh2 94. Bb3 Ka6 95. Re7 Rh5+ 96. Bd5 Rg5 97. Re1 Ka7 98. Re8 1-0

[Event "Sunway Sitges Open 2019"]
[Site "Sitges ESP"]
[Date "2019.12.18"]
[Round "6.7"]
[White "Gukesh, D"]
[Black "Kovalenko, Igor"]
[Result "0-1"]
[WhiteTitle "GM"]
[BlackTitle "GM"]
[WhiteElo "2547"]
[BlackElo "2647"]
[WhiteFideId "46616543"]
[BlackFideId "14117908"]
[EventDate "2019.12.13"]

1. c4 b6 2. Nc3 Bb7 3. e4 e6 4. g3 f5 5. Bg2 Nf6 6. Nge2 Nxe4 7. Nxe4 Bxe4 8.
Bxe4 fxe4 9. Nc3 Qf6 10. O-O Nc6 11. Nxe4 Qf5 12. d3 Be7 13. Bg5 Bxg5 14. Qh5+
g6 15. Qxg5 Ne5 16. Nf6+ Kf7 17. f4 Nxd3 18. Nxd7 Qxg5 19. fxg5+ Ke7 20. b3 Kxd7
21. Rad1 Ke7 22. Rxd3 Rhf8 23. Re1 Rad8 24. Rde3 Rd6 25. Re4 Rf7 26. R1e2 Kd7
27. Kg2 Re7 28. Re5 Rd1 29. R5e4 Kd6 30. Re5 Rd4 31. Kf2 a6 32. Kg2 c5 33. h4 b5
34. R5e3 bxc4 35. bxc4 Rxc4 36. Ra3 Kd5 37. Rxa6 e5 38. a4 e4 39. a5 Ra4 40. Ra8
Kd4 41. a6 Kd3 42. Rb2 e3 43. Rb7 Re5 44. a7 Kc2 45. Rab8 e2 46. Rb2+ Kc3 47.
R2b3+ Kd4 48. Rd8+ Kc4 49. Rb1 Rxa7 50. Rc1+ Kb5 51. Rb8+ Kc6 52. Re1 c4 53. Rb2
Rae7 54. Rc2 Kc5 55. Kf2 Kd4 56. Rd2+ Kc3 57. Ra2 Rf7+ 58. Kg2 Kd3 0-1

[Event "Sunway Sitges Open 2019"]
[Site "Sitges ESP"]
[Date "2019.12.18"]
[Round "6.8"]
[White "Shevchenko, Kirill"]
[Black "Donchenko, Alexander"]
[Result "1/2-1/2"]
[WhiteTitle "GM"]
[BlackTitle "GM"]
[WhiteElo "2547"]
[BlackElo "2644"]
[WhiteFideId "14129574"]
[BlackFideId "24603295"]
[EventDate "2019.12.13"]

1. e4 c6 2. d4 d5 3. e5 Bf5 4. h4 h5 5. c4 e6 6. Nc3 dxc4 7. Bxc4 Nd7 8. Nge2
Be7 9. Be3 Nh6 10. Ng3 Bg6 11. Nxh5 Nf5 12. Nf4 Nxe3 13. fxe3 Rxh4 14. Rxh4
Bxh4+ 15. Kf1 Qg5 16. Nxg6 Qxg6 17. Bd3 Qh6 18. Qf3 Be7 19. Ke2 f6 20. exf6 gxf6
21. g4 Qh2+ 22. Qf2 Qxf2+ 23. Kxf2 O-O-O 24. Rh1 Rg8 25. Kf3 Rg7 26. Ne2 Nf8 27.
Rh6 c5 28. Nf4 cxd4 29. exd4 Kc7 30. Be4 b6 31. d5 Kd6 32. Rh5 Rg5 33. dxe6 Nxe6
34. Nxe6 Rxh5 35. gxh5 Kxe6 36. Kg4 Bf8 37. Bf5+ 1/2-1/2

[Event "Sunway Sitges Open 2019"]
[Site "Sitges ESP"]
[Date "2019.12.18"]
[Round "6.10"]
[White "Tabatabaei, M.amin"]
[Black "Narayanan, Srinath"]
[Result "1-0"]
[WhiteTitle "GM"]
[BlackTitle "GM"]
[WhiteElo "2635"]
[BlackElo "2529"]
[WhiteFideId "12521213"]
[BlackFideId "5018420"]
[EventDate "2019.12.13"]

1. e4 e5 2. Nf3 Nc6 3. Bb5 a6 4. Ba4 Nf6 5. O-O Be7 6. Re1 b5 7. Bb3 O-O 8. h3
Bb7 9. d3 d6 10. a3 Qd7 11. Nc3 Nd8 12. Ne2 Ne6 13. Ng3 c5 14. c3 Rfe8 15. d4
exd4 16. cxd4 cxd4 17. Nxd4 Nc5 18. Bc2 Bf8 19. f3 g6 20. Bf4 Bg7 21. Qd2 h5 22.
Rad1 Rac8 23. Nxh5 gxh5 24. Nf5 Ncxe4 25. Bxe4 Rxe4 26. fxe4 Nxe4 27. Rxe4 Bxe4
28. Nxg7 Rc2 29. Qe3 Rxg2+ 30. Kf1 Rxg7 31. Qxe4 Qxh3+ 32. Kf2 Rg6 33. Rxd6 Qh4+
34. Ke3 Qe1+ 35. Kd4 Qf2+ 36. Kd5 Rxd6+ 37. Bxd6 h4 38. Qg4+ Kh7 39. Qh5+ Kg8
40. Qg5+ Kh7 41. Be5 Qf3+ 42. Kd6 Qd3+ 43. Ke7 1-0

[Event "Sunway Sitges Open 2019"]
[Site "Sitges ESP"]
[Date "2019.12.18"]
[Round "6.11"]
[White "Harsha, Bharathakoti"]
[Black "Vocaturo, Daniele"]
[Result "1/2-1/2"]
[WhiteTitle "GM"]
[BlackTitle "GM"]
[WhiteElo "2523"]
[BlackElo "2627"]
[WhiteFideId "5078776"]
[BlackFideId "813192"]
[EventDate "2019.12.13"]

1. d4 d5 2. c4 dxc4 3. e3 e5 4. Bxc4 exd4 5. exd4 Bd6 6. Nf3 Nf6 7. Qe2+ Qe7 8.
Qxe7+ Bxe7 9. O-O Nbd7 10. Nc3 Nb6 11. Bb3 c6 12. Bg5 Nfd5 13. Bxe7 Kxe7 14.
Rfe1+ Be6 15. Ng5 Rad8 16. a4 a5 17. Nxe6 fxe6 18. Ne4 Nd7 19. Bxd5 cxd5 20. Ng5
Nf8 21. Ra3 h6 22. Nf3 Ng6 23. Rb3 Kf6 24. h4 Rhe8 25. h5 Ne7 26. Ne5 Nf5 27.
Rxb7 Re7 28. Rxe7 Nxe7 29. Re3 Rc8 30. g4 Rc1+ 31. Kg2 Nc6 32. Rf3+ Kg5 33. Nxc6
Rxc6 34. Kg3 g6 35. hxg6 Kxg6 36. Rc3 Rb6 37. b3 Rb4 38. Rd3 Kg5 39. f3 Rb8 40.
Re3 Kf6 41. Kf2 Rb4 42. Rd3 e5 43. dxe5+ 1/2-1/2

[Event "Sunway Sitges Open 2019"]
[Site "Sitges ESP"]
[Date "2019.12.18"]
[Round "6.12"]
[White "Moradiabadi, Elshan"]
[Black "Heimann, Andreas"]
[Result "1/2-1/2"]
[WhiteTitle "GM"]
[BlackTitle "GM"]
[WhiteElo "2539"]
[BlackElo "2617"]
[WhiteFideId "12501255"]
[BlackFideId "24624632"]
[EventDate "2019.12.13"]

1. c4 e6 2. Nc3 d5 3. d4 Nf6 4. cxd5 exd5 5. Bg5 c6 6. e3 Be7 7. Bd3 O-O 8. Qc2
Nbd7 9. Nge2 Re8 10. O-O Nf8 11. Rab1 g6 12. b4 a6 13. Na4 Ne4 14. Bxe7 Rxe7 15.
Bxe4 Rxe4 16. Ng3 Re7 17. Qd2 h5 18. h3 h4 19. Ne2 Bf5 20. Rb3 Ne6 21. Nc5 Ng5
22. f3 Ne6 23. Rc1 Qf8 24. a4 Nxc5 25. Rxc5 Bd7 26. Nf4 Qh6 27. b5 axb5 28. axb5
Qg5 29. bxc6 bxc6 30. Ra5 Rxa5 31. Qxa5 Re8 32. Qd2 Ra8 33. Qb2 Qg3 34. Rb8+ Kh7
35. Rxa8 1/2-1/2

[Event "Sunway Sitges Open 2019"]
[Site "Sitges ESP"]
[Date "2019.12.18"]
[Round "6.14"]
[White "Krzyzanowski, Marcin"]
[Black "Durarbayli, Vasif"]
[Result "0-1"]
[WhiteTitle "IM"]
[BlackTitle "GM"]
[WhiteElo "2506"]
[BlackElo "2609"]
[WhiteFideId "1132199"]
[BlackFideId "13402935"]
[EventDate "2019.12.13"]

1. Nf3 c5 2. g3 Nc6 3. Bg2 g6 4. c3 Bg7 5. d4 cxd4 6. cxd4 d5 7. Nc3 e6 8. h4
Nge7 9. h5 Nf5 10. e3 b6 11. Bd2 O-O 12. Nh4 Nxh4 13. gxh4 Nb4 14. Bf1 e5 15.
Qb3 a5 16. a3 exd4 17. exd4 Nc6 18. Be3 Nxd4 19. Bxd4 Qe7+ 20. Be3 d4 21. h6
Bxh6 22. Nd5 Qe5 23. f4 Bxf4 24. Nxf4 dxe3 25. Ne2 Bg4 26. Rg1 Bxe2 27. Bxe2
Rad8 28. Rg2 Qf4 29. Rd1 Qxh4+ 30. Kf1 Rxd1+ 31. Qxd1 Rd8 32. Qe1 Qh1+ 33. Rg1
Qh3+ 34. Rg2 Rd4 35. Qg3 Qh1+ 36. Rg1 Qe4 37. Qf3 Qe5 38. Rg4 Rxg4 39. Qxg4 Qxb2
40. Qf4 Qxa3 41. Qb8+ Qf8 42. Qxb6 Qe7 43. Qxa5 Qf6+ 44. Ke1 h5 45. Qa8+ Kg7 46.
Qe4 Qf2+ 47. Kd1 Kh6 48. Qe8 Qf4 49. Kc2 Kg5 50. Kd3 Kh4 51. Qa8 Kg3 52. Qh1 Qf2
53. Qa1 h4 54. Qe5+ Qf4 55. Qa1 Kh2 56. Qb2 h3 57. Bf3+ Kg3 58. Bd5 f5 59. Qc1
h2 60. Qxe3+ Qxe3+ 61. Kxe3 f4+ 62. Ke2 g5 63. Bc6 g4 64. Bh1 f3+ 65. Ke3 Kh4
66. Kf2 Kh3 67. Kf1 Kg3 68. Ke1 Kf4 69. Kf2 g3+ 70. Kf1 Ke3 71. Bg2 fxg2+ 72.
Kxg2 h1=Q+ 73. Kxh1 Kf3 0-1

[Event "Sunway Sitges Open 2019"]
[Site "Sitges ESP"]
[Date "2019.12.18"]
[Round "6.16"]
[White "Liang, Awonder"]
[Black "Kacharava, Nikolozi"]
[Result "1/2-1/2"]
[WhiteTitle "GM"]
[BlackTitle "IM"]
[WhiteElo "2593"]
[BlackElo "2416"]
[WhiteFideId "2056437"]
[BlackFideId "13611860"]
[EventDate "2019.12.13"]

1. Nf3 Nf6 2. c4 d6 3. Nc3 g6 4. e4 e5 5. d4 exd4 6. Nxd4 Bg7 7. Be2 O-O 8. O-O
Nc6 9. Be3 Re8 10. f3 Nh5 11. f4 Nf6 12. Nxc6 bxc6 13. Bf3 Bd7 14. Qd2 Qe7 15.
Rae1 Ng4 16. Bxg4 Bxg4 17. f5 gxf5 18. exf5 Qh4 19. Bg5 Bxc3 20. bxc3 Qh5 21.
Rxe8+ Rxe8 22. Qf4 f6 23. Bxf6 Rf8 24. h3 Bxh3 25. gxh3 Rxf6 26. Rf3 Kf7 27. Kh2
Qh6 28. Qd4 Qh5 29. Qe4 Kf8 30. Rf2 Qe8 31. Qxe8+ Kxe8 32. Kg3 Rf7 33. Re2+ Kf8
34. Kf4 Rg7 35. Rb2 Kf7 36. Rb7 Kf6 37. Rxa7 Rg5 38. Rxc7 Rxf5+ 39. Ke4 Re5+ 40.
Kd3 Rh5 41. Rxc6 Rxh3+ 42. Kc2 Ke7 43. Rc7+ Kd8 44. Rg7 Kc8 45. a4 Rh1 46. Kb2
h5 47. a5 h4 48. a6 Kb8 49. Rb7+ Ka8 50. Rd7 h3 51. Rd8+ Ka7 52. Rxd6 h2 53. Rh6
Rg1 54. Rxh2 Kxa6 55. Rh6+ Kb7 56. Kb3 Rb1+ 57. Kc2 Rg1 58. Kd3 Rg3+ 59. Kd4 Kc7
60. Re6 Rh3 61. Re3 Rh5 62. c5 Rh1 63. Kc4 Kc6 64. Re6+ Kc7 65. Rg6 Rc1 66. Kb5
Rxc3 67. Rg7+ Kb8 68. Kb6 Rb3+ 69. Kc6 Rc3 70. Rg5 Rc1 71. Rg8+ Ka7 72. Rc8 Rh1 1/2-1/2

[Event "Sunway Sitges Open 2019"]
[Site "Sitges ESP"]
[Date "2019.12.18"]
[Round "6.17"]
[White "Yankelevich, Lev"]
[Black "Melkumyan, Hrant"]
[Result "1/2-1/2"]
[WhiteTitle "IM"]
[BlackTitle "GM"]
[WhiteElo "2472"]
[BlackElo "2668"]
[WhiteFideId "24684074"]
[BlackFideId "13302485"]
[EventDate "2019.12.13"]

1. d4 Nf6 2. c4 g6 3. Nc3 d5 4. cxd5 Nxd5 5. e4 Nxc3 6. bxc3 Bg7 7. Nf3 c5 8.
Be3 Qa5 9. Nd2 Nd7 10. Qc2 O-O 11. Be2 Nf6 12. O-O cxd4 13. cxd4 Ng4 14. Bxg4
Bxg4 15. Nb3 Qa3 16. Rac1 b6 17. Qd2 Rfc8 18. d5 e5 19. f4 Rxc1 20. Rxc1 exf4
21. Bxf4 Rc8 22. Rxc8+ Bxc8 23. Qc2 Bd7 24. Qc7 Qa4 25. Qb8+ Be8 26. Be5 Bf8 27.
h3 f6 28. Bd4 Be7 29. e5 Kg7 30. d6 fxe5 31. dxe7 exd4 32. Qf4 h6 33. Nxd4 Kh7
34. Qf6 Qd1+ 35. Kh2 Qd2 36. h4 g5 37. Ne6 Qd6+ 38. Kh3 Qd3+ 39. Kh2 Qd6+ 40.
Kh3 Qd3+ 41. g3 g4+ 42. Kxg4 Qe4+ 43. Kh3 Qh1+ 44. Kg4 Qe4+ 45. Kh3 Qh1+ 1/2-1/2

[Event "Sunway Sitges Open 2019"]
[Site "Sitges ESP"]
[Date "2019.12.18"]
[Round "6.18"]
[White "Edouard, Romain"]
[Black "Firat, Burak"]
[Result "1-0"]
[WhiteTitle "GM"]
[BlackTitle "GM"]
[WhiteElo "2653"]
[BlackElo "2475"]
[WhiteFideId "633429"]
[BlackFideId "6305881"]
[EventDate "2019.12.13"]

1. d4 Nf6 2. Bf4 g6 3. Nc3 d6 4. e4 Bg7 5. Qd2 c6 6. Bh6 Bxh6 7. Qxh6 b5 8. e5
dxe5 9. dxe5 Nd5 10. O-O-O Be6 11. Nxd5 Bxd5 12. Qg7 Rf8 13. e6 Qa5 14. exf7+
Rxf7 15. Qg8+ Rf8 16. Qxh7 Qxa2 17. Qxg6+ Kd8 18. Qg7 Rxf2 19. Ne2 Nd7 20. Qd4
Qa1+ 21. Kd2 Qa5+ 22. b4 Qb6 23. Ke3 Bxg2 24. Rg1 Rf3+ 25. Kd2 Bxf1 26. Rg8+ Kc7
27. Rxa8 c5 28. Qh8 Qe6 29. Rxa7+ Kb6 30. Qd8+ 1-0

[Event "Sunway Sitges Open 2019"]
[Site "Sitges ESP"]
[Date "2019.12.18"]
[Round "6.19"]
[White "Petrosyan, Manuel"]
[Black "Vogel, Roven"]
[Result "1/2-1/2"]
[WhiteTitle "GM"]
[BlackTitle "IM"]
[WhiteElo "2613"]
[BlackElo "2457"]
[WhiteFideId "13300857"]
[BlackFideId "12908088"]
[EventDate "2019.12.13"]

1. c4 c6 2. g3 d5 3. Bg2 Nf6 4. Nf3 Bg4 5. Ne5 Be6 6. cxd5 Bxd5 7. Nf3 c5 8. Nc3
Bc6 9. O-O Nbd7 10. a4 e6 11. d3 Bd6 12. e4 Ne5 13. Ne1 Be7 14. h3 O-O 15. f4
Qd4+ 16. Kh2 Ng6 17. Nc2 Qd7 18. Qe2 Rfd8 19. Rd1 Qc7 20. d4 cxd4 21. Nxd4 e5
22. Nxc6 bxc6 23. Rxd8+ Rxd8 24. f5 Nf8 25. Be3 a5 26. Qc4 Qb7 27. Rd1 Rb8 28.
Rd2 N8d7 29. Rc2 Qb3 30. Nd1 Qxc4 31. Rxc4 c5 32. Bd2 Nb6 33. Rc2 Nxa4 34. Bxa5
h6 35. Bc7 Rb4 36. Bxe5 Nxe4 37. Nc3 Nexc3 38. bxc3 Rb2 39. Rxb2 Nxb2 40. Bf1 c4
41. Bc7 Bf6 42. Ba5 g5 43. Be2 Na4 44. Bxc4 Bxc3 45. Bc7 Nc5 46. Kg2 Nd7 47. Bb5
Nf6 48. Bc6 Kg7 49. Kf3 Ba1 50. Bd6 Bd4 51. Ke2 Bc3 52. Kd3 Bb2 53. Kc4 Ba1 54.
Kd3 1/2-1/2

[Event "Sunway Sitges Open 2019"]
[Site "Sitges ESP"]
[Date "2019.12.18"]
[Round "6.20"]
[White "Karthikeyan, Murali"]
[Black "Sardana, Rishi"]
[Result "1/2-1/2"]
[WhiteTitle "GM"]
[BlackTitle "IM"]
[WhiteElo "2611"]
[BlackElo "2428"]
[WhiteFideId "5074452"]
[BlackFideId "25004301"]
[EventDate "2019.12.13"]

1. Nf3 d5 2. g3 g6 3. Bg2 Bg7 4. d4 Nf6 5. O-O Nbd7 6. c4 dxc4 7. Na3 Nb6 8. Ne5
Ng4 9. Naxc4 Nxc4 10. Nxc4 Qxd4 11. Qxd4 Bxd4 12. Bf4 c6 13. h3 Nf6 14. Rfd1 Bc5
15. Bh6 Rg8 16. Bf4 g5 17. Bc7 Kf8 18. Be5 Kg7 19. Rac1 a5 20. Bc3 a4 21. b4
axb3 22. axb3 Be6 23. Na5 b6 24. Nxc6 Bxb3 25. Rd3 Ba4 26. Nb4 Rac8 27. Nd5 Rgd8
28. Bb2 Bb5 29. Rdd1 Ba4 30. Rd3 Bb5 31. Rdd1 Ba4 1/2-1/2

[Event "Sunway Sitges Open 2019"]
[Site "Sitges ESP"]
[Date "2019.12.18"]
[Round "6.21"]
[White "Haldorsen, Benjamin"]
[Black "Salgado Lopez, Ivan"]
[Result "0-1"]
[WhiteTitle "IM"]
[BlackTitle "GM"]
[WhiteElo "2455"]
[BlackElo "2605"]
[WhiteFideId "1512633"]
[BlackFideId "2257327"]
[EventDate "2019.12.13"]

1. e4 c5 2. Nc3 Nc6 3. Bb5 Nd4 4. Nf3 a6 5. Bd3 Nc6 6. O-O g6 7. e5 Bg7 8. Re1
d5 9. exd6 Qxd6 10. Ne4 Qc7 11. Nxc5 Nb4 12. a3 Nxd3 13. Nxd3 Bf5 14. Nb4 Nf6
15. d4 O-O 16. c3 Rfd8 17. Qe2 a5 18. Nc2 Nd5 19. Ne3 Nf4 20. Qc4 Qxc4 21. Nxc4
Nd3 22. Rxe7 Be6 23. Ne3 Rab8 24. Ng5 Bb3 25. Rc7 Re8 26. h4 Bf6 27. Bd2 Bd8 28.
Rd7 Ba4 29. Rxd8 Rbxd8 30. Rb1 Bb3 31. Nf3 b5 32. c4 Ba2 33. Ra1 Bxc4 34. Bxa5
Ra8 35. Bc3 Nf4 36. Kh2 Nd5 37. Nxd5 Bxd5 38. Ne5 f6 39. Ng4 Kf7 40. Ne3 Bb3 41.
Rc1 Rac8 42. Kg1 Re4 43. g3 Rxd4 44. Re1 Re4 45. f3 Re6 46. Kf2 Rd8 47. Ba5 Rd3
48. Bb4 Bd5 49. Bc3 Bb7 50. f4 h6 51. Re2 Re8 52. Re1 g5 53. fxg5 hxg5 54. hxg5
fxg5 55. Re2 Kg6 56. Bb4 Re6 57. Bc3 Re7 58. Bb4 Rf7+ 59. Kg1 Rf3 60. Nf1 Rd7
61. Re6+ Rf6 62. Rxf6+ Kxf6 63. Kf2 Kf5 64. Bd2 Rd3 65. Ke2 Rd7 66. Ne3+ Kg6 67.
Ng4 Bf3+ 68. Kxf3 Rxd2 69. Ne5+ Kf5 70. Nc6 Rxb2 71. g4+ Ke6 72. Ke4 Re2+ 73.
Kf3 Rb2 74. Ke4 Kd6 75. Nd4 Kc5 76. Ne6+ Kc4 77. Nxg5 Re2+ 78. Kf4 Ra2 79. Ne4
Rxa3 80. g5 Kd5 81. g6 Ra4 0-1

[Event "Sunway Sitges Open 2019"]
[Site "Sitges ESP"]
[Date "2019.12.18"]
[Round "6.22"]
[White "Song, Raymond"]
[Black "Svane, Rasmus"]
[Result "0-1"]
[WhiteTitle "IM"]
[BlackTitle "GM"]
[WhiteElo "2468"]
[BlackElo "2597"]
[WhiteFideId "3203824"]
[BlackFideId "4657101"]
[EventDate "2019.12.13"]

1. d4 d5 2. c4 e6 3. Nf3 a6 4. Nbd2 dxc4 5. Nxc4 b5 6. Nce5 Bb7 7. g3 Nd7 8.
Nxd7 Bxf3 9. exf3 Qxd7 10. Be2 Bb4+ 11. Kf1 Ne7 12. a4 O-O 13. Be3 Ba5 14. axb5
axb5 15. Kg2 Bb6 16. Qd3 c6 17. f4 Rad8 18. Rhd1 Nf5 19. Bf3 Bxd4 20. Be4 Bxb2
21. Qxd7 Nxe3+ 22. fxe3 Rxd7 23. Rxd7 Bxa1 24. Bxc6 b4 25. Rb7 Bc3 26. Kf3 g6
27. g4 Rc8 28. Bd7 Rd8 29. e4 Kf8 30. e5 Ra8 31. f5 exf5 32. gxf5 Bxe5 33. h4
Rb8 34. Rxb8+ Bxb8 35. fxg6 hxg6 36. Ba4 Kg7 37. Bb3 f5 38. Be6 Kf6 39. Bb3 Bd6
40. Ba2 Be5 41. Bb3 Bc3 42. Ke2 Kg7 43. Be6 Kh6 44. Kd3 Kh5 45. Bf7 Bf6 46. Kc4
Be7 0-1

[Event "Sunway Sitges Open 2019"]
[Site "Sitges ESP"]
[Date "2019.12.18"]
[Round "6.27"]
[White "Batsiashvili, Nino"]
[Black "Sindarov, Javokhir"]
[Result "1/2-1/2"]
[WhiteTitle "GM"]
[BlackTitle "GM"]
[WhiteElo "2447"]
[BlackElo "2526"]
[WhiteFideId "13602993"]
[BlackFideId "14205483"]
[EventDate "2019.12.13"]

1. Nf3 Nf6 2. c4 g6 3. g3 Bg7 4. Bg2 d6 5. d4 O-O 6. O-O c6 7. Nc3 Qb6 8. Qc2
Bg4 9. c5 dxc5 10. Na4 Qb5 11. Nxc5 Na6 12. a4 Qb6 13. a5 Qb5 14. Nxa6 Qxa6 15.
e4 Rfd8 16. Be3 Be6 17. Rfc1 Qb5 18. Ng5 Bb3 19. Qd2 c5 20. Rxc5 Qxc5 21. dxc5
Rxd2 22. Bxd2 Rd8 23. Bc3 h6 24. e5 Nd5 25. Ne4 Nxc3 26. Nxc3 Bxe5 27. Bxb7 Rd2
28. c6 Rxb2 29. Rc1 Kg7 30. Nd1 Rc2 31. Rb1 Ba4 32. Ne3 Rc5 33. h4 Bc7 34. a6 e6
35. Rb4 Bxc6 36. Nc4 Bb5 37. Na3 Rc1+ 38. Kh2 Bc6 39. f3 Bd5 40. Nb5 Rc2+ 41.
Kh1 Bb6 42. Rb1 Ba2 43. Ra1 Rb2 44. Nc3 Bc4 45. Na4 Rb4 46. Nxb6 Rxb6 47. g4 Kf6
48. Kg2 g5 49. Kg3 Bd5 50. Bxd5 exd5 51. h5 Ke5 52. Re1+ Kd6 53. Ra1 Rb2 54. Ra4
Kc5 55. Ra5+ Kd4 56. Ra1 Ke3 57. Re1+ Re2 58. Rb1 Ra2 59. Rb7 Rxa6 60. Rxf7 d4
61. Re7+ Kd2 62. f4 gxf4+ 63. Kxf4 d3 64. g5 Ra4+ 65. Kf5 Ra5+ 66. Kg6 Ra6+ 67.
Kf5 Rc6 68. gxh6 Kc2 69. h7 d2 70. Rd7 Rh6 71. Rc7+ Kd3 72. Rxa7 Rxh5+ 73. Kg6
Rxh7 74. Rxh7 d1=Q 75. Rd7+ 1/2-1/2

[Event "Sunway Sitges Open 2019"]
[Site "Sitges ESP"]
[Date "2019.12.18"]
[Round "6.29"]
[White "Narciso Dublan, Marc"]
[Black "Zadruzny, Nicolaj"]
[Result "0-1"]
[WhiteTitle "GM"]
[BlackTitle "FM"]
[WhiteElo "2516"]
[BlackElo "2308"]
[WhiteFideId "2201500"]
[BlackFideId "1709550"]
[EventDate "2019.12.13"]

1. e4 e5 2. Nf3 Nc6 3. Bb5 Nf6 4. d3 Bc5 5. Bxc6 dxc6 6. Nbd2 Be6 7. O-O Nd7 8.
b3 Bg4 9. Bb2 f6 10. Qe1 Nf8 11. Kh1 Ne6 12. Ng1 Qd7 13. Nc4 Bh5 14. Ne2 a6 15.
f4 Bxe2 16. Qxe2 exf4 17. d4 Be7 18. d5 Ng5 19. d6 f3 20. gxf3 Bxd6 21. f4 Nf7
22. e5 Qe6 23. Qg2 fxe5 24. fxe5 Bc5 25. Rad1 O-O 26. Rd3 Nh6 27. Rdf3 Rxf3 28.
Rxf3 Rd8 29. Rd3 Rf8 30. Rf3 Nf5 31. Nd2 Rf7 32. Qe2 Bd4 33. Qc4 Qxc4 34. Nxc4
Bxb2 35. Nxb2 Nh4 36. Rxf7 Kxf7 37. Nd3 a5 38. Kg1 b6 39. Kf2 Ke6 40. Ke3 Kf5
41. b4 axb4 42. Nxb4 c5 43. Nd5 Kxe5 44. Nxc7 Nf5+ 45. Kd3 g5 46. Na8 b5 47. c4
bxc4+ 48. Kxc4 Kd6 49. Nb6 Kc6 50. Na4 Ne3+ 51. Kd3 Ng4 52. Nc3 Nxh2 53. Ne4 g4
54. Ng3 Kb5 55. Kc3 Nf3 56. a4+ Kc6 57. Nh5 Ne5 58. Kd2 c4 59. Kc3 Kc5 60. Nf6
h6 61. Ne4+ Kd5 62. Nf6+ Ke6 63. Nh5 Nd7 64. a5 Kd5 65. a6 Kc5 66. a7 Nb6 67.
Nf6 Kc6 68. Nxg4 h5 69. Ne3 Kb7 70. Kd4 Kxa7 71. Nxc4 Nxc4 72. Ke4 Nd6+ 73. Kf4
h4 74. Kg4 Nf5 0-1

[Event "Sunway Sitges Open 2019"]
[Site "Sitges ESP"]
[Date "2019.12.18"]
[Round "6.30"]
[White "Raja, Harshit"]
[Black "Aroshidze, Levan"]
[Result "1/2-1/2"]
[WhiteTitle "IM"]
[BlackTitle "GM"]
[WhiteElo "2447"]
[BlackElo "2514"]
[WhiteFideId "5089000"]
[BlackFideId "13601865"]
[EventDate "2019.12.13"]

1. e4 c5 2. Nf3 e6 3. d4 cxd4 4. Nxd4 a6 5. c4 Nf6 6. Nc3 Qc7 7. Be2 Bb4 8. Nc2
Be7 9. g4 d6 10. Be3 Nc6 11. g5 Nd7 12. Qd2 b6 13. h4 Bb7 14. O-O-O Rc8 15. b3
Na5 16. Kb2 O-O 17. h5 Rfd8 18. g6 Bf6 19. gxh7+ Kxh7 20. Bd4 b5 21. Bxf6 Nxf6
22. Rdg1 bxc4 23. b4 Nxe4 24. Nxe4 Bxe4 25. Qd4 f5 26. h6 g6 27. Rxg6 Rg8 28.
Rxe6 c3+ 29. Ka3 Rb8 30. Qf6 Bxh1 31. Re7+ Qxe7 32. Qxe7+ Kxh6 33. Qh4+ Kg7 34.
Qe7+ Kh6 35. Qh4+ Kg7 1/2-1/2

[Event "Sunway Sitges Open 2019"]
[Site "Sitges ESP"]
[Date "2019.12.18"]
[Round "6.32"]
[White "Shubin, Kirill"]
[Black "Sadzikowski, Daniel"]
[Result "0-1"]
[WhiteTitle "IM"]
[BlackTitle "GM"]
[WhiteElo "2430"]
[BlackElo "2504"]
[WhiteFideId "34119962"]
[BlackFideId "1132253"]
[EventDate "2019.12.13"]

1. e4 c5 2. Nf3 d6 3. Bb5+ Nd7 4. Ba4 Nf6 5. O-O e6 6. d3 Be7 7. c4 O-O 8. Nc3
Ne5 9. Ne1 Bd7 10. Bb3 Nc6 11. f4 Nd4 12. Nf3 Nxb3 13. axb3 Bc6 14. Re1 b6 15.
Qe2 Re8 16. Bd2 Bf8 17. Kh1 d5 18. e5 Ng4 19. h3 Nh6 20. Kh2 Nf5 21. g4 Nd4 22.
Nxd4 cxd4 23. Nd1 a5 24. Nf2 Qd7 25. g5 Qb7 26. c5 bxc5 27. Ng4 Qxb3 28. Rg1 Kh8
29. Rg3 Qxb2 30. Rag1 c4 31. R1g2 c3 32. Nf6 g6 33. Qg4 cxd2 34. Qh4 h6 35. gxh6
Be7 36. f5 exf5 37. e6 fxe6 38. Qg5 Rg8 39. h4 Raf8 40. h7 Rg7 0-1